00390pab a2200133 454500008004000000100001900040245009000059260000900149300001300158362001100171650003100182650002300213773002000236180718b2017 xxu||||| |||| 00| 0 eng d aTiwari, Sanjay aFramework for ranking of distance education institutions in India: a suggestive model c2017 ap.19-24. a18 Sep aDistance education - India aDistance education aUniversity News